01295nhm a2200181za 4500999001500000020001500015020001800030050001800048100001700066245015200083260005300235300004600288500005400334505059400388700000900982942000700991952011500998 c1887d1887 a0521637694 a9780521637695 aHB172.5b.A58 aMasanao Aoki aNew approaches to macroeconomic modeling : evolutionary stochastic dynamics, multiple equilibria, and externalities as field effects/cMasanao Aoki aCambridge :bCambridge University Press, c1998. axv, 288 pages : billustrations ; c23 cm aOriginally published: 1996 Author: Publisher:  aPart I. Introduction: 1. Introduction; 2. Simple illustrative and motivating examples; 3. Empirical distributions: statistical laws in macroeconomics; Part II. Modeling Interactions: 4. Modeling interactions I: Jump Markov processes; 5. Modeling interactions II: master equations and field effects; 6. Modeling interactions III: pairwise and multiple-pair interactions; Part III. Hierarchical Dynamics and Critical phenomena: 7. Sluggish dynamics and hierarchical state spaces; 8. Self-organizing and other critical phenomena in economic models; 9. Appendices; Symbol Index; Subject Index. aAoki cBK 001040708REFaMUCGMbMUCGMcGENd0000-00-00l0oHB172.5 .A58p11626r2018-01-22 00:00:00t1w2018-01-22yBK